000 00433nam a2200181Ia 4500
001 21472
005 20260306172921.0
008 260306t2017||||xx |||||||||||||| ||spa||
041 _aESP
082 _a345.05
_bA74
100 _aArmenta Deu, Teresa
_eAUT
245 0 _aLecciones de derecho procesal penal
260 _c2017
300 _a445 páginas :
_c24 cm.
650 _aGEN
654 _aCDE
942 _cLIB
_dJUS
_fJUS
_2ddc
_n
999 _c21472
_d21472